Central Library, Doon University
WEBOPAC (ONLINE PUBLIC ACCESS CATALOGUE)

Environmental issues (Record no. 60070)

MARC details
000 -LEADER
fixed length control field 00519nam a22001937a 4500
005 - DATE & TIME
control field 20260122164734.0
008 - FIXED-LENGTH DATA ELEMENTS--GENERAL INFORMATION
fixed length control field 260122b |||||||| |||| 00| 0 eng d
020 ## - ISBN
International Standard Book Number 9789387590069
Price 2695.00
040 ## - CATALOGING SOURCE
Original cataloging agency Doon University
041 ## - Language
Language English
082 ## - DDC NUMBER
Classification number 333.7
Book Number ZAR
100 ## - MAIN ENTRY--PERSONAL NAME
Personal name Zargar , U. R.
245 ## - TITLE STATEMENT
Title Environmental issues
Sub Title : Awareness Concerns and Management
260 ## - PUBLICATION, DISTRIBUTION, ETC. (IMPRINT)
Place of publication, distribution, etc Delhi
Name of publisher, distributor, etc Narendra
Date of publication, distribution, etc 2018
300 ## - PHYSICAL DESCRIPTION
Pages 152
650 ## - Subject
Subject Environment Science
700 ## - Added Entry Personal Name
Added Entry Personal Name Rather, M. I.
942 ## - ADDED ENTRY ELEMENTS (KOHA)
Koha item type Books
100 ## - MAIN ENTRY--PERSONAL NAME
-- 26023
650 ## - Subject
-- 310
700 ## - Added Entry Personal Name
-- 26024
952 ## - LOCATION AND ITEM INFORMATION (KOHA)
-- 2026-01-22
952 ## - LOCATION AND ITEM INFORMATION (KOHA)
-- 2026-01-22
952 ## - LOCATION AND ITEM INFORMATION (KOHA)
-- 2026-01-22
Holdings
Withdrawn status Lost status Source of classification or shelving scheme Damaged status Not for loan Location (home branch) Sublocation or collection (holding branch) Date acquired Koha issues (times borrowed) Koha full call number Accession No. Koha date last seen Koha item type
          Doon University Doon University 22.01.2026   333.7 ZAR 51775 22.01.2026 Books
          Doon University Doon University 22.01.2026   333.7 ZAR 51776 22.01.2026 Books
          Doon University Doon University 22.01.2026   333.7 ZAR 51777 22.01.2026 Books
Contact : +91-135-2533126 (Library),+91-135-2533105 (Admin Office) , Email : doonlibrary@gmail.com

Powered by Koha